000
00349pab a2200157 454500
008
180718b2005 xxu||||| |||| 00| 0 eng d
100
_a
Geetha, N.
245
_a
The feminization of leadership
260
_c
2005
300
_a
p.37-38.
362
_a
Jul
650
_a
Leadership
650
_a
Women
773
_a
Social Welfare
909
_a
66040
999
_c
66040
_d
66040